Normal view
MARC view
Entry Personal Name
001 - CONTROL NUMBER
- control field: 14090
003 - CONTROL NUMBER IDENTIFIER
- control field: ARRUPE
005 - DATE AND TIME OF LATEST TRANSACTION
- control field: 20150115151347.0
008 - FIXED-LENGTH DATA ELEMENTS
- fixed length control field: 150115|| aca||aabn | a|a d
040 ## - CATALOGING SOURCE
- Original cataloging agency: ARRUPE
- Transcribing agency: ARRUPE
100 ## - HEADING--PERSONAL NAME
- Personal name: Jesuit Centre for Theological Reflections
670 ## - SOURCE DATA FOUND
- Source citation: Work cat.: (ARRUPE): Jesuit Centre for Theological Reflections, Households' Access to Specific Economic, Social and Cultural Rights, 2014